000 00638nam a2200229Ia 4500
005 20260115174049.0
008 008 260114s9999 xx 000 0 eng d
020 _a9781139055390
037 _aEBOOK
040 _aCRL
_beng
_cCRL
041 _aeng
_2eng
084 _qCRL
100 _aBurns
_9895772
245 4 _aThe Cambridge History of Medieval Political Thought c.350–c.1450
260 _bCambridge University Press
260 _bCambridge University Press
260 _c1988
650 _aHistory
_9895773
856 _uhttps://doi.org/10.1017/CHOL9780521243247
942 _cEBOOK
999 _c1489589
_d1489589